ბათუმის შოთა რუსთაველის სახელმწიფო უნივერსიტეტის ბიბლიოთეკა

Международное право. (ბიბ.ჩანაწერი № 35663)

000 -LEADER
fixed length control field 00612nam a2200229Ia 4500
001 - CONTROL NUMBER
control field 1536
003 - CONTROL NUMBER IDENTIFIER
control field GE_BSU
008 - FIXED-LENGTH DATA ELEMENTS--GENERAL INFORMATION
fixed length control field 181216s||||||||xx |||||||||||||| ||und||
020 ## - INTERNATIONAL STANDARD BOOK NUMBER
International Standard Book Number 5891232715
040 ## - CATALOGING SOURCE
Transcribing agency GE_BSU
080 ## - UNIVERSAL DECIMAL CLASSIFICATION NUMBER
Universal Decimal Classification number 341.1(075.8)
245 ## - TITLE STATEMENT
Title Международное право.
245 ## - TITLE STATEMENT
Remainder of title Учубник для вузов.
245 ## - TITLE STATEMENT
Statement of responsibility, etc. Отв.ред. В.Игнатенко О.И.Тиунов
260 ## - PUBLICATION, DISTRIBUTION, ETC.
Place of publication, distribution, etc. Москва
260 ## - PUBLICATION, DISTRIBUTION, ETC.
Name of publisher, distributor, etc. Норма-Инфра
260 ## - PUBLICATION, DISTRIBUTION, ETC.
Date of publication, distribution, etc. 1999
300 ## - PHYSICAL DESCRIPTION
Extent 584стр.
653 ## - INDEX TERM--UNCONTROLLED
Uncontrolled term Международное право
942 ## - ADDED ENTRY ELEMENTS (KOHA)
Koha item type წიგნი
ეგზემპლარები
Withdrawn status Lost status Damaged status Not for loan Date acquired Barcode Date last seen Price effective from Koha item type
        2018-12-17 1750 2018-12-17 2018-12-17 წიგნი